<?xml version="1.0" encoding="UTF-8"?>
<record
    xmlns:xsi="http://www.w3.org/2001/XMLSchema-instance"
    xsi:schemaLocation="http://www.loc.gov/MARC21/slim http://www.loc.gov/standards/marcxml/schema/MARC21slim.xsd"
    xmlns="http://www.loc.gov/MARC21/slim">

  <leader>01012nam a2200301Ia 4500</leader>
  <controlfield tag="001">Para_9420</controlfield>
  <controlfield tag="003">CHAP</controlfield>
  <controlfield tag="008">220125s2008    xx            000 0 und d</controlfield>
  <datafield tag="010" ind1=" " ind2=" ">
    <subfield code="a">208117</subfield>
  </datafield>
  <datafield tag="040" ind1=" " ind2=" ">
    <subfield code="c">CHAP</subfield>
  </datafield>
  <datafield tag="090" ind1=" " ind2=" ">
    <subfield code="a">TESIS 2148</subfield>
  </datafield>
  <datafield tag="100" ind1=" " ind2=" ">
    <subfield code="a">Cundap&#xED; Corzo, Armando</subfield>
    <subfield code="9">30439</subfield>
  </datafield>
  <datafield tag="245" ind1=" " ind2=" ">
    <subfield code="a">Epidemiolog&#xED;a y manejo de sigatoka negra (Mycosphaerella fijiensis Morelet) en banano en Tapachula, Chiapas /</subfield>
    <subfield code="c"> por Armando Cundap&#xED; Corzo</subfield>
  </datafield>
  <datafield tag="260" ind1=" " ind2=" ">
    <subfield code="a">Chapingo, M&#xE9;x. :</subfield>
    <subfield code="b"> el autor</subfield>
  </datafield>
  <datafield tag="300" ind1=" " ind2=" ">
    <subfield code="a">70 h.</subfield>
  </datafield>
  <datafield tag="502" ind1=" " ind2=" ">
    <subfield code="a">Tesis (M.C. en Protecci&#xF3;n Vegetal) UACh. Departamento Parasitolog&#xED;a Agr&#xED;cola</subfield>
  </datafield>
  <datafield tag="650" ind1=" " ind2=" ">
    <subfield code="a">Hongos fitopat&#xF3;genos</subfield>
    <subfield code="9">56132</subfield>
  </datafield>
  <datafield tag="650" ind1=" " ind2=" ">
    <subfield code="a">Mycosphaerella fijiensis </subfield>
    <subfield code="9">79933</subfield>
  </datafield>
  <datafield tag="650" ind1=" " ind2=" ">
    <subfield code="a">Pl&#xE1;tano </subfield>
    <subfield code="x"> enfermedades por hongos </subfield>
    <subfield code="9">164496</subfield>
  </datafield>
  <datafield tag="710" ind1=" " ind2=" ">
    <subfield code="a">UACh. Departamento Parasitolog&#xED;a Agr&#xED;cola</subfield>
    <subfield code="9">164025</subfield>
  </datafield>
  <datafield tag="901" ind1=" " ind2=" ">
    <subfield code="a">TESIS 2148</subfield>
  </datafield>
  <datafield tag="902" ind1=" " ind2=" ">
    <subfield code="a">M</subfield>
  </datafield>
  <datafield tag="905" ind1=" " ind2=" ">
    <subfield code="a">0000002008                             amn 0000000000   00</subfield>
  </datafield>
  <datafield tag="910" ind1=" " ind2=" ">
    <subfield code="a">2008</subfield>
  </datafield>
  <datafield tag="942" ind1=" " ind2=" ">
    <subfield code="c">PARA</subfield>
  </datafield>
  <datafield tag="942" ind1=" " ind2=" ">
    <subfield code="c">PARA</subfield>
    <subfield code="d">2</subfield>
  </datafield>
  <datafield tag="999" ind1=" " ind2=" ">
    <subfield code="c">208117</subfield>
    <subfield code="d">208117</subfield>
  </datafield>
  <datafield tag="952" ind1=" " ind2=" ">
    <subfield code="0">0</subfield>
    <subfield code="1">0</subfield>
    <subfield code="2">local</subfield>
    <subfield code="4">0</subfield>
    <subfield code="7">0</subfield>
    <subfield code="8">TESIS</subfield>
    <subfield code="a">PA</subfield>
    <subfield code="b">PA</subfield>
    <subfield code="c">10</subfield>
    <subfield code="d">2008-06-11</subfield>
    <subfield code="f">PARA</subfield>
    <subfield code="l">1</subfield>
    <subfield code="m">2</subfield>
    <subfield code="p">PA_09298-2</subfield>
    <subfield code="r">2023-07-17 00:00:00</subfield>
    <subfield code="s">2023-07-04</subfield>
    <subfield code="t">2</subfield>
    <subfield code="w">2022-01-25</subfield>
    <subfield code="y">TESIS</subfield>
    <subfield code="z">3</subfield>
  </datafield>
  <datafield tag="952" ind1=" " ind2=" ">
    <subfield code="0">0</subfield>
    <subfield code="1">0</subfield>
    <subfield code="2">local</subfield>
    <subfield code="4">0</subfield>
    <subfield code="7">0</subfield>
    <subfield code="8">TESIS</subfield>
    <subfield code="a">PA</subfield>
    <subfield code="b">PA</subfield>
    <subfield code="c">10</subfield>
    <subfield code="d">2008-06-11</subfield>
    <subfield code="f">PARA</subfield>
    <subfield code="l">0</subfield>
    <subfield code="p">PA_09298</subfield>
    <subfield code="r">2022-01-25 00:00:00</subfield>
    <subfield code="t">1</subfield>
    <subfield code="w">2022-01-25</subfield>
    <subfield code="y">TESIS</subfield>
    <subfield code="z">3</subfield>
  </datafield>
</record>
